000 00505nam a22001697a 4500
005 20251108170858.0
008 250721s1995 xx 000 0 ara d
082 1 4 _a211.913343/ك
100 1 _aكوسا، ماهر وليد
245 1 0 _aفيض القرآن في علاج المسحور /
264 1 _aعمان :
_bدار الإسراء للنشر و التوزيع،
_c1995.
300 _a96ص
650 1 7 _aالقرآن الكريم
650 1 7 _aالسحر
942 _2ddc
_cBK
999 _c51166
_d51166